La gluconéogenèse - Statistiques

Statistiques générales
  • Ce quiz a été pris 2 fois
  • Le résultat moyen est 1 sur 28
Statistiques - réponses
Hint Réponse % Correct
2. """"""""""" lactate
50%
consomme ~120 g/jour ; puise dans >50 % des réserves de glycogène. le cerveau
50%
La gluconéogenèse n’est pas l’inverse de la glycolyse (2) 2
0%
Les différents types de précurseur (2) 2
0%
Glycolyse et gluconéogenèse partagent " """""""" 7 enzymes
0%
elle se produit principalement dans le foie (""") et dans les reins (""") 90% et 10%
0%
3. """"""""" """"""""" acides aminés
0%
se transforme en pyruvate via une transamination alanine
0%
Ce mécanisme est appelé le """"" "" """"" cycle de cori
0%
Ces enzymes spécifiques sont des points clés de régulation et sont parfois localisées """"" "" """""""""" dans la mitochondrie
0%
sont contournées grâce à """"""" """"""" """"""""" dans la gluconéogenèse. d'autre enzymes spécifique
0%
C’est la synthèse "" """"" "" """""""" " """""" "" """"" """""" """ """"""" de novo de glucose à partir de petites molécules non glucidiques
0%
Transporté au foie, où il est converti "" """""""-"" puis en """"""""""-""" → entre dans la gluconéogenèse. en glycérol-3P puis en glycéraldéhyde-3P
0%
pas de mitochondries → seule source d’énergie = glycolyse. érythrocytes
0%
et par les """""""""" érythrocytes
0%
1. """"""""" glycérol
0%
Nécessite la """"""""" """""" glycérol kinase
0%
mais les 3 étapes irréversibles de la glycolyse (""""""","""-",""""""" """"") hexokinase,PFK-1,pyruvate kinase
0%
Jeûne prolongé : (déf) les réserves de glycogène sont épuisées, le corps active la gluconéogenèse pour sauver les tissus glucodépendants
0%
Dérivés de """""""" "" """""""" (jeûne prolongé ou exercice intense). l'hydrolyse des protéines
0%
Libéré par """""""" """ """""""" """" " """"" """""" """"""" pendant le jeûne l'hydrolyse des triglycérides dans le tissu adipeux blanc
0%
Glycogénolyse : (déf) libère du glucose à partir du glycogène mais ne suffit que pour les courtes périodes de jeûne
0%
utilisent principalement la glycolyse. muscles glycolytiques
0%
produit par les """""""" """""""" """"""" muscles pendant l'exercice
0%
les acides aminés glucogéniques donnent soit du """""""" soit des """""""""" "" """""""" "" """"""" pyruvate soit des intermédiaires du cycle de Krebs
0%
Transporté via le """""" """"" " """"" où il est reconverti en glucose (gluconéogenèse) sang vers le foie
0%
Certains """"" dépendent presque uniquement du glucose : tissus
0%
Précurseurs gluconéogènes : (déf) tout composé pouvant être transformé en pyruvate ou oxaloacétate, composé de 3 ou 4 atomes de carbone (lactate)
0%
Aucun quiz correspondant
Distribution des résultats
% des personnes avec chaque résultat
Percentile par nombre de réponses
Votre historique - résultats
Vous n’avez pas pris ce quiz